Alle Kommentatoren der WM-Finals im deutschen Fernsehen - Statistiken

Allgemein
  • Dieses Quiz wurde 31 mal gespielt
  • Das Durchschnittsergebnis liegt bei 9 aus 23
Antwortstatistiken
Hint Antwort % Korrekt
2002 (ZDF) Bela Rethy
90%
2010 (ZDF) Bela Rethy
90%
2018 (ZDF) Bela Rethy
90%
2014 (ARD) Tom Bartels
79%
2022 (ARD) Tom Bartels
79%
2018 (Sky) Wolff-Christoph Fuss
59%
2022 (MagentaTV) Wolff-Christoph Fuss
52%
1994 (ZDF) Marcel Reif
48%
2002 (Premiere) Marcel Reif
48%
2006 (Premiere) Marcel Reif
48%
2010 (Sky) Marcel Reif
48%
1990 (ARD) Gerd Rubenbauer
38%
2006 (ARD) Reinhold Beckmann
31%
1998 (ARD) Heribert Faßbender
14%
1962 (ARD) Rudi Michel
7%
1966 (ARD) Rudi Michel
7%
1974 (ARD) Rudi Michel
7%
1982 (ARD) Rudi Michel
7%
1978 (ZDF) Rolf Kramer
3%
1986 (ZDF) Rolf Kramer
3%
1970 (ZDF) Werner Schneider
3%
1954 (ARD) Bernhard Ernst
0%
1958 (ARD) Bernhard Ernst
0%
Keine übereinstimmenden Quizze gefunden
Verteilung der Resultate
Anzahl Personen mit jedem Resultat
Perzentil nach korrekt beantworteten Fragen
Ihre Resultats-Entwicklung
Sie haben dieses Quiz noch nicht gespielt